Obálka Náhled e-knihy:
PDF
Pro půjčování e-knih musíte být přihlášeni.
Jak si půjčit online?

Ľadové kráľovstvo : štyri rozprávky /

Čtyři pohádkové příběhy z království Arendelle.

Uloženo v:
Hlavní autor: Cambi, Valentina, 1977- (Překladatel)
Korporativní autor: Disney Storybook Artists (Ilustrátor)
Další autoři: Baluchová, Veronika (Autor)
Médium: E-kniha
Jazyk:Slovak
Vydáno: V Prahe : Egmont, 2023
Vydání:Prvé vydanie
Edice:Disney. Ľadové kráľovstvo
Témata:
Tagy:
Žádné tagy
LEADER 02820nam a2200565 i 4500
001 311826
003 CZ PrSKC
005 20260601215712.0
007 ta
008 230301s2023 xr a a 000 j slo
015 |a cnb003501579 
020 |a 9788025254653  |q (vázáno) 
035 |a (OCoLC)1375350130 
040 |a ABG001  |b cze  |e rda 
041 1 |a slo  |h eng 
072 7 |a 821-93  |x Literatura pro děti a mládež (beletrie)  |2 Konspekt 
080 |a 821-34  |2 MRF 
080 |a 821-93  |2 MRF 
080 |a (0:82-34)  |2 MRF 
100 1 |a Cambi, Valentina,  |d 1977-  |7 xx0282272  |4 aut 
245 1 0 |a Ľadové kráľovstvo :  |b štyri rozprávky /  |c napísala: Valentina Cambi ; ilustrácie: Disney Storybook Artists ; z anglického originálu preložila Veronika Baluchová 
246 3 |a Štyri rozprávky - ľadové kráľovstvo 
250 |a Prvé vydanie 
264 1 |a V Prahe :  |b Egmont,  |c 2023 
300 |a 88 stran :  |b barevné ilustrace ;  |c 24 cm 
336 |a text  |b txt  |2 rdacontent 
336 |a statický obraz  |b sti  |2 rdacontent 
337 |a bez média  |b n  |2 rdamedia 
338 |a svazek  |b nc  |2 rdacarrier 
490 1 |a Disney. Ľadové kráľovstvo 
505 0 0 |t Olafov kamarát z vajíčka --  |t Stratená hračka --  |t Zemský obor nespavec --  |t Tajomný poklad 
520 2 |a Čtyři pohádkové příběhy z království Arendelle.  |b V prvním příběhu se dozvíte, jak to dopadlo s nalezeným vajíčkem. Ve druhém s Annou a Elsou pomůžete malému Erikovi hledat ztracenou hračku, ve třetím na vás čeká nespokojený a unavený zemní obr a v posledním vyprávění zavítáte do hor a zkusíte vypátrat ukrytý poklad krále Agnarra! Nakladatelská anotace. Kráceno. 
521 8 |a Pro děti od 4 let 
655 7 |a pohádky  |7 fd133054  |2 czenas 
655 7 |a publikace pro děti  |7 fd133156  |2 czenas 
655 9 |a fairy tales  |2 eczenas 
655 9 |a children's literature  |2 eczenas 
700 1 |a Baluchová, Veronika  |7 ola20191025268  |4 trl 
700 1 2 |a Cambi, Valentina,  |d 1977-  |t Egg-ceptional friend.  |l Slovensky 
700 1 2 |a Cambi, Valentina,  |d 1977-  |t Lost toy.  |l Slovensky 
700 1 2 |a Cambi, Valentina,  |d 1977-  |t Sleepless Earth giant.  |l Slovensky 
700 1 2 |a Cambi, Valentina,  |d 1977-  |t Mysterious treasure.  |l Slovensky 
710 2 |a Disney Storybook Artists  |7 mzk2009490531  |4 ill 
830 0 |a Disney.  |p Ľadové kráľovstvo 
900 |a ABA001  |b 20 
928 9 |a Albatros Media - Egmont 
044 |a xr 
910 |a RBIT002 
998 |d 367325  |a https://core.palmknihy.cz/api/books/367325/cover?sexvct  |b https://core.palmknihy.cz/api/books/367325/cover/400?sexvct  |c https://core.palmknihy.cz/api/books/367325/cover/50?sexvct  |e 2026-12-31  |g 96  |i 9788025254653  |k https://core.palmknihy.cz/api/books/367325/preview.pdf  |l   |q 49  |r 1  |s https://www.palmknihy.cz/kniha/367325  |t ebook  |y 2023  |z 0 
999 |d 311824